000 00647nam a2200241 i 4500
001 C2-0245338
003 PPAK
005 20180727210335.0
008 030311s2002 my |||| ||||| | may d
020 _a983099452X
040 _aPPAK
_beng
_cPPAK
_erda
082 0 4 _a297.52
_223
090 0 0 _a297.52
_bPAN
_dG
245 0 0 _aPanduan solat hari raya
264 1 _aKuala Lumpur :
_bAl-Hidayah Publishers ,
_c2002
300 _av, 34 pages ;
_c19 cm
336 _2rdacontent
_atext
337 _2rdamedia
_aunmediated
338 _2rdacarrier
_avolume
650 1 0 _aPrayer - Islam
700 0 _aAbu Ezzat Al-Mubarak,
_ecompile
942 _ddc
_cB
999 _c59401
_d59401